Get the Picture: Big 4 'B' All-Stars Quiz Stats

 Plays Quiz Updated Mar 19, 2019

Score 0/12 Timer 02:00
6 Plays Today
Question Answer Wrong Answers
Charles Barkley NBA
91.4%
MLB
3.2%
NFL
1.8%
NHL
0.8%
Yogi Berra MLB
87.5%
NBA
2.9%
NFL
3.2%
NHL
3.2%
Sergei Bobrovsky NHL
85.1%
MLB
5.3%
NBA
3.7%
NFL
2.2%
Odell Beckham Jr. NFL
83.7%
MLB
5%
NBA
6.2%
NHL
1.9%
Martin Brodeur NHL
79.2%
MLB
8.5%
NBA
3.9%
NFL
4.6%
Wade Boggs MLB
78.4%
NBA
6.4%
NFL
5.9%
NHL
5.9%
Elgin Baylor NBA
78.2%
MLB
7.2%
NFL
6.6%
NHL
5%
Pavel Bure NHL
77.3%
MLB
10.1%
NBA
4.7%
NFL
4.2%
Rick Barry NBA
74.7%
MLB
12.3%
NFL
5.7%
NHL
3.8%
George Brett MLB
74.4%
NBA
5.4%
NFL
8.7%
NHL
8.1%
Jerome Bettis NFL
72%
MLB
12%
NBA
7.3%
NHL
5.4%
Chuck Bednarik NFL
44.3%
MLB
14%
NBA
9.7%
NHL
28.5%

Today's Daily Dose

Missing Word
Celine Dion

Word Ladder
Dr. Seuss Books

Quick Pick
Cities in India

Get the Picture
'A' Actresses

You're not logged in!

Compare scores with friends on all Sporcle quizzes.
OR
Log In

Sporcle TV

Today on Sporcle TV


Watch our educational content, quiz creation guides, and fun videos on Sporcle TV.

Show Comments

Extras

Top Quizzes Today


Score Distribution

Your Account Isn't Verified!

In order to create a playlist on Sporcle, you need to verify the email address you used during registration. Go to your Sporcle Settings to finish the process.

Report this User

Report this user for behavior that violates our Community Guidelines.

Details: